BASIC pro začátečníky

Salvato in:
Dettagli Bibliografici
Natura: Libro
Lingua:ceco
Pubblicazione: Praha Státní nakladatelství technické literatury 1988
Tags: Aggiungi Tag
Nessun Tag, puoi essere il primo ad aggiungerne!!

MARC

LEADER 00000nam a2200000 4500
001 c034122
005 20260319105525.5
041 0 |a cze 
044 |a CZ 
245 1 0 |a BASIC pro začátečníky  |c Petr Kroha, Pavel Slavík 
264 1 |a Praha  |b Státní nakladatelství technické literatury  |c 1988 
300 |a 303 s.